Arduino Projects with Tinkercad : (Record no. 615107)

000 -LEADER
fixed length control field 00531nam a22001577a 4500
020 ## - INTERNATIONAL STANDARD BOOK NUMBER
International Standard Book Number 9783987420375
082 ## - DEWEY DECIMAL CLASSIFICATION NUMBER
Classification number 621.381
Author Mark JOH
100 ## - MAIN ENTRY--PERSONAL NAME
Personal name M.Eng.Johannes Wild
245 ## - TITLE STATEMENT
Title Arduino Projects with Tinkercad :
Remainder of title Designing and programming Arduino-based electronics projects using Tinkercad /
Statement of responsibility, etc. M.Eng. Johannes Wild
260 ## - PUBLICATION, DISTRIBUTION, ETC.
Date of publication, distribution, etc. 2023
300 ## - PHYSICAL DESCRIPTION
Extent 77p. ;
563 ## - BINDING INFORMATION
Binding note P.B
650 ## - SUBJECT ADDED ENTRY--TOPICAL TERM
Topical term or geographic name entry element Designing and programming Arduino-based electronics projects using Tinkercad
700 ## - ADDED ENTRY--PERSONAL NAME
Personal name M.Eng. Johannes Wild
942 ## - ADDED ENTRY ELEMENTS (KOHA)
Source of classification or shelving scheme
Koha item type Book
650 ## - SUBJECT ADDED ENTRY--TOPICAL TERM
-- 130983
Holdings
Withdrawn status Lost status Source of classification or shelving scheme Damaged status Not for loan Permanent Location Current Location Shelving location Date acquired Full call number Barcode Date last seen Price effective from Koha item type
          Central Library (CL) Central Library (CL) Lincoln Corner 10/08/2025 621.381 JOH LC-517 10/08/2025 10/08/2025 Book
© 2023 Central Library, National University of Sciences and Technology. All Rights Reserved.